000 00449nam a2200169Ia 4500
005 20250425162824.0
008 250425s9999 xx 000 0 und d
041 _aspa
082 _a604.25
245 0 _aLECTURA Y CROQUIZADO DE PLANOS DE TALLER: CURSO BASICO: GUIA DEL PROFESOR Y LIBRO DE RESPUESTAS
250 _a2A ED.
264 _aMéxico, MEXICO
_bREVERTE
_c1969.
300 _a65
650 _aPLANOS
942 _c01
010 _a110427
999 _c237156
_d237156